000
00202 a2200097 4500
001
17484
100
_a
Melsa J L
245
_a
Linear control systems
260
_a
_b
New York
_c
090
_c
12924
_d
12924
942
_a
NUST-CAE
_c
M
_c
3252
999
_c
252557
_d
252557